Public Finance : (Record no. 2893)
[ view plain ]
| 000 -LEADER | |
|---|---|
| fixed length control field | 01007nam a22003015a 4500 |
| 008 - FIXED-LENGTH DATA ELEMENTS--GENERAL INFORMATION | |
| fixed length control field | 090701t xxua frb 001 0 eng d |
| 010 ## - LIBRARY OF CONGRESS CONTROL NUMBER | |
| LC control number | 2003110840 |
| 020 ## - INTERNATIONAL STANDARD BOOK NUMBER | |
| International Standard Book Number | 0324259700 |
| 020 ## - INTERNATIONAL STANDARD BOOK NUMBER | |
| International Standard Book Number | 9780324225228 |
| 035 ## - SYSTEM CONTROL NUMBER | |
| System control number | (DLC) 2003110840 |
| 040 ## - CATALOGING SOURCE | |
| Original cataloging agency | EG-ScBUE |
| Language of cataloging | eng |
| Transcribing agency | EG-ScBUE |
| 082 04 - DEWEY DECIMAL CLASSIFICATION NUMBER | |
| Classification number | 336 |
| Item number | HYM |
| Edition number | 22 |
| 100 1# - MAIN ENTRY--PERSONAL NAME | |
| 9 (RLIN) | 7388 |
| Personal name | Hyman, David N. |
| 245 10 - TITLE STATEMENT | |
| Title | Public Finance : |
| Remainder of title | A Contemporary Application of Theory to Policy / |
| Statement of responsibility, etc | David N. Hyman. |
| 250 ## - EDITION STATEMENT | |
| Edition statement | 8th ed. |
| 260 ## - PUBLICATION, DISTRIBUTION, ETC. (IMPRINT) | |
| Place of publication, distribution, etc | Mason, Ohio : |
| Name of publisher, distributor, etc | Thomson/South Western, |
| Date of publication, distribution, etc | c. 2005. |
| 300 ## - PHYSICAL DESCRIPTION | |
| Extent | xxi, 741 p. : |
| Other physical details | ill. ; |
| Dimensions | 25 cm. |
| 500 ## - GENERAL NOTE | |
| General note | Glossary : p. 713- 721. |
| 500 ## - GENERAL NOTE | |
| General note | Indexes p. 723-741. |
| 504 ## - BIBLIOGRAPHY, ETC. NOTE | |
| Bibliography, etc | Includes bibliographical references. |
| 590 ## - LOCAL NOTE (RLIN) | |
| Local note | Menna elemam |
| 650 #0 - SUBJECT ADDED ENTRY--TOPICAL TERM | |
| Topical term or geographic name as entry element | Finance, Public. |
| 9 (RLIN) | 7389 |
| Source of heading or term | BUEsh |
| 650 #0 - SUBJECT ADDED ENTRY--TOPICAL TERM | |
| Topical term or geographic name as entry element | Fiscal policy. |
| 9 (RLIN) | 7390 |
| Source of heading or term | BUEsh |
| 651 ## - SUBJECT ADDED ENTRY--GEOGRAPHIC NAME | |
| Source of heading or term | BUEsh |
| 653 ## - INDEX TERM--UNCONTROLLED | |
| Resource For college | BAEPS, Economics |
| Arrived date list | August2015 |
| 856 41 - ELECTRONIC LOCATION AND ACCESS | |
| Materials specified | Table of contents |
| Uniform Resource Identifier | <a href="http://www.loc.gov/catdir/toc/fy043/2003110840.html">http://www.loc.gov/catdir/toc/fy043/2003110840.html</a> |
| 942 ## - ADDED ENTRY ELEMENTS (KOHA) | |
| Item type | Book - Borrowing |
| Call number prefix | 336 HYM |
| Source of classification or shelving scheme | Dewey Decimal Classification |
| Withdrawn status | Item status | Source of classification or shelving scheme | Damaged status | Not for loan | Vendor | Home library | Current library | Shelving location | Date acquired | Source of acquisition | Total Checkouts | Total Renewals | Full call number | Barcode | Date last seen | Date last borrowed | Koha item type | Materials specified (bound volume or other part) | Public note | Cost, normal purchase price | Serial Enumeration / chronology |
|---|---|---|---|---|---|---|---|---|---|---|---|---|---|---|---|---|---|---|---|---|---|
| Dewey Decimal Classification | Central Library | Central Library | First floor | 08/03/2007 | 19 | 28 | 336 HYM | 000001244 | 15/07/2025 | 23/04/2019 | Book - Borrowing | ||||||||||
| Long Overdue (Lost) | Dewey Decimal Classification | Central Library | Central Library | First floor | 08/03/2007 | 1 | 336 HYM | 000001243 | 22/10/2009 | Book - Borrowing | Lost In Inventory_2005-2015/8/22 | ||||||||||
| Dewey Decimal Classification | Central Library | Central Library | First floor | 08/03/2007 | 17 | 86 | 336 HYM | 000001242 | 15/07/2025 | 11/02/2020 | Book - Borrowing | ||||||||||
| Lost | Dewey Decimal Classification | Central Library | Central Library | First floor | 08/03/2007 | 2 | 336 HYM | 000000095 | 19/10/2009 | 24/09/2008 | Book - Borrowing | Lost In Inventory_2005-2015/8/22 | homebranch was lost | ||||||||
| Dewey Decimal Classification | Central Library | Central Library | First floor | 08/03/2007 | 16 | 43 | 336 HYM | 000000094 | 15/07/2025 | 11/02/2020 | Book - Borrowing | ||||||||||
| Dewey Decimal Classification | Baccah | Central Library | Central Library | First floor | 01/07/2009 | 10 | 21 | 336 HYM | 000015970 | 15/07/2025 | 17/02/2020 | Book - Borrowing | 360.00 | 6993 | |||||||
| Dewey Decimal Classification | Baccah | Central Library | Central Library | First floor | 11/04/2010 | Purchase | 5 | 21 | 336 HYM | 000020133 | 15/07/2025 | 16/05/2015 | Book - Borrowing | ||||||||
| Dewey Decimal Classification | Baccah | Central Library | Central Library | First floor | 11/04/2010 | 4 | 336 HYM | 000020130 | 15/07/2025 | 26/02/2014 | NB - Book (Non borrowing) | ||||||||||
| Dewey Decimal Classification | Baccah | Central Library | Central Library | First floor | 12/04/2010 | 9 | 24 | 336 HYM | 000020470 | 15/07/2025 | 23/04/2017 | Book - Borrowing | |||||||||
| Dewey Decimal Classification | Baccah | Central Library | Central Library | First floor | 26/04/2010 | 8 | 12 | 336 HYM | 000006635 | 15/07/2025 | 14/05/2015 | Book - Borrowing | |||||||||
| Dewey Decimal Classification | Central Library | Central Library | First floor | 05/02/2018 | 1 | 21 | 336 HYM | 000042726 | 15/07/2025 | 11/02/2020 | Book - Borrowing |